Alle Nachbarländer zu Land #6 - Statistiken

Allgemein
  • Dieses Quiz wurde 64 mal gespielt
  • Das Durchschnittsergebnis liegt bei 27 aus 30
Antwortstatistiken
Länge Antwort % Korrekt
404km Österreich
98%
698km Schweiz
98%
2.659km China
97%
476km Frankreich
97%
1.196km Niger
97%
622km Niger
97%
85km Nigeria
97%
3.190km Pakistan
97%
3,4km Vatikanstadt
97%
4.142km Bangladesch
95%
1.770km Nepal
95%
37km San Marino
93%
1.403km Sudan
93%
744km Sudan
93%
1.299km Südsudan
93%
1.325km Mali
91%
218km Slowenien
91%
1.640km Somalia
91%
545km Elfenbeinküste
90%
659km Bhutan
86%
602km Ghana
86%
1.556km Zentralafrikanische Republik
84%
1.033km Eritrea
83%
131km Togo
83%
342km Dschibuti
81%
867km Kenia
81%
1.050km Libyen
79%
1.468km Myanmar
79%
386km Benin
74%
1.116km Kamerun
69%
Keine übereinstimmenden Quizze gefunden
Verteilung der Resultate
Anzahl Personen mit jedem Resultat
Perzentil nach korrekt beantworteten Fragen
Ihre Resultats-Entwicklung
Sie haben dieses Quiz noch nicht gespielt